Harry Potter: Books vs Movies Quiz Stats

 Plays Quiz not verified by Sporcle

Score 0/25 Timer 08:00
0 Plays Today
Hint remember, book followed by movie! % Correct
Answers Hermione's question about the legend of the Chamber of SecretsCuthbert Binns (book), Minerva McGonagall (movie)
80.6%
Betrays the D.A. to UmbridgeMarietta Edgecombe (book), Cho Chang (movie)
72%
Provided Harry Potter with GillyweedDobby (book), Neville Longbottom (movie)
71.4%
Interrupts Harry and Ginny's kiss in the Burrow before the wedding.Ron Weasley (book), George Weasley (movie)
67.8%
Along with Harry, Hermione, and Draco, receives detention for Norbert affairNeville Longbottom (book), Ron Weasley (movie)
62.7%
Dies in the Fiendfyre that destroys the Diadem of RavenclawVincent Crabbe (book), Gregory Goyle (movie)
62.2%
Hid the Half Blood Prince's textbookHarry Potter (book), Ginny Weasley (movie)
61.8%
Gryffindor Captain when Ron makes first appearance as Gryffindor KeeperAngelina Johnson (book), Harry Potter (movie)
52.9%
Tells Harry what a Thestral isRubeus Hagrid (book), Luna Lovegood (movie)
52.6%
Discovers Harry on the Hogwarts Express after being attacked by MalfoyNymphadora Tonks (book), Luna Lovegood (movie)
52.1%
Found the Room of Requirement for the D.A.Dobby (book), Neville Longbottom (movie)
51.7%
Gives the cursed necklace to Katie BellMadam Rosmerta (book), Draco Malfoy (movie)
49.4%
Introduces Harry to Luna LovegoodGinny Weasley (book), Hermione Granger (movie)
49.2%
Hint remember, book followed by movie! % Correct
Immediately before Riddle gets Hagrid expelled, this is the Hogwarts staff member Riddle speaks with about the possibility of Hogwarts closing.Armando Dippet (book), Albus Dumbledore (movie)
45.6%
In Chamber of Secrets, the threatening messages written on the wall are written using what medium?Red Paint (book), Blood (movie)
38.3%
Person on whom Umbridge uses Snape's last veritaserumHarry Potter (book), Cho Chang (movie)
31.9%
Leader of the group of snatchers who ultimately catch Harry and companyFenrir Greyback (book), Scabior (movie)
31.5%
Organized the Triwizard CupLudo Bagman (book), Barty Crouch Sr. (movie)
31.1%
First person Harry sees die in the series (excluding his mother)Cedric Diggory (book), Quirinus Quirrell (movie)
23.9%
In Deathly Hallows, person who says Voldemort's name, ultimately leading to the capture of Harry, Hermione, and RonHarry Potter (book), Xenophilius Lovegood (movie)
20.5%
According to Snape, who or what 'causes devastation with the simplest of spells'?Neville Longbottom (book), Ron Weasley's Wand (movie)
16.3%
The breed of snake Harry speaks to in Philosopher's (Sorceror's) Stone is from this countryBrazilian Boa Constrictor (book), Burmese Python (movie)
13.3%
Discovers Barty Crouch Sr.'s dead bodyBarty Crouch Jr. (book), Harry Potter (movie)
11%
When Arthur Weasley first meets Harry, this is the Muggle 'technology' that he asks Harry to explainEscalators (book), Rubber Ducks (movie)
4.2%
After the Death Eaters crash Bill and Fleur's wedding, this is where Harry, Hermione, and Ron apparate toTottenham Court Road (book), Shaftesbury Road (movie)
4.2%

You're not logged in!

Compare scores with friends on all Sporcle quizzes.
OR
Log In

Show Comments

Extras

Top Quizzes Today


Score Distribution

Your Account Isn't Verified!

In order to create a playlist on Sporcle, you need to verify the email address you used during registration. Go to your Sporcle Settings to finish the process.

Report this User

Report this user for behavior that violates our Community Guidelines.

Details: